Write language : the new secrets of writing letters that really work (Record no. 4888)

000 -LEADER
fixed length control field 00549 a2200181 4500
020 ## - INTERNATIONAL STANDARD BOOK NUMBER
International Standard Book Number 997164357X
040 ## - CATALOGING SOURCE
Original cataloging agency DLC
Language of cataloging DLC
082 ## - DEWEY DECIMAL CLASSIFICATION NUMBER
Classification number 808.06665
100 10 - MAIN ENTRY--PERSONAL NAME
Personal name Pease, Allan.
245 10 - TITLE STATEMENT
Title Write language : the new secrets of writing letters that really work
Statement of responsibility, etc. Allan Pease, Paul Dunn.
260 0# - PUBLICATION, DISTRIBUTION, ETC.
Place of publication, distribution, etc. Singapore
Name of publisher, distributor, etc. : Heinemann Asia,
Date of publication, distribution, etc. 1994.
300 ## - PHYSICAL DESCRIPTION
Extent xii, 130 p.
490 0# - SERIES STATEMENT
Series statement Professional improvement series.
650 #0 - SUBJECT ADDED ENTRY--TOPICAL TERM
Topical term or geographic name entry element Commercial correspondence.
650 #0 - SUBJECT ADDED ENTRY--TOPICAL TERM
Topical term or geographic name entry element Letter-writing.
700 10 - ADDED ENTRY--PERSONAL NAME
Personal name Dunn, Paul
Dates associated with a name , 1943-.
942 ## - ADDED ENTRY ELEMENTS (KOHA)
Koha item type Book
Call number prefix 808.06665 DUN
Source of classification or shelving scheme
Holdings
Withdrawn status Lost status Damaged status Not for loan Collection code Permanent Location Current Location Shelving location Date acquired Source of acquisition Cost, normal purchase price Total Checkouts Full call number Barcode Date last seen Price effective from Koha item type
          Central Library (CL) Central Library (CL) General Stacks 07/21/2005 Academic Book company 1401.05   808.06665 DUN SEECS006021 11/14/2012 01/05/2017 Book
© 2023 Central Library, National University of Sciences and Technology. All Rights Reserved.